000 00696nam a2200169Ia 4500
008 090711s9999 xx 000 0 und d
082 _b318
100 _aक्षीरसागर रा. ना.
245 _aवाहतूक : सिद्धांत आणि विकास
260 _bकॉन्टीनेन्टल प्रकाशन
_c1979
300 _a334
600 _aक्षीरसागर रा. ना.
630 _aवाहतूक : सिद्धांत आणि विकास
700 _aक्षीरसागर रा. ना.
730 _aवाहतूक : सिद्धांत आणि विकास
942 _cBOOK
999 _c323746
_d323746